| 000 | 02369nam a2200229Ia 4500 | ||
|---|---|---|---|
| 003 | OSt | ||
| 005 | 20251111104506.0 | ||
| 008 | 210210b2015 xxu||||| |||| 00| 0 eng d | ||
| 040 | _cAL | ||
| 041 | _aKannada | ||
| 082 | _aK894.4 BANK | ||
| 100 |
_aBANJAGERE JAYAPRAKASH _dಬಂಜಗೆರೆ ಜಯಪ್ರಕಾಶ್ _9244951 |
||
| 245 |
_aKannada rashtriyate _bಕನ್ನಡ ರಾಷ್ಟ್ರೀಯತೆ |
||
| 260 |
_aBengaluru _bAbhinava Prakashana _c2015 |
||
| 300 | _axi,383 | ||
| 520 | _a 'ರಾಷ್ಟ್ರೀಯತೆ' ಎನ್ನುವುದನ್ನು ಆಯಾ ಭಾಷಿಕ ಜನರ ಬದುಕಿನ ಏಕರೂಪೀ ನೆಲೆಯಲ್ಲಿ ಮಾತ್ರ ಗ್ರಹಿಸಲಾಗುವುದಿಲ್ಲ. ಏಕೆಂದರೆ ಭಾಷಾ ಸಂವೇದನೆ ಇಂಥ ಕಡೆ ಬಹುಪಾಲು ಅಮುಖ್ಯವಾಗಿ ಆಯಾ ಭಾಷಿಕ ಸಮುದಾಯದ ವರ್ಗ, ಜಾತಿ ಶ್ರೇಣೀಕರಣಗಳು ಮುನ್ನೆಲೆಗೆ ಬಂದುಬಿಡುತ್ತವೆ. ಆದ್ದರಿಂದ ರಾಷ್ಟ್ರೀಯತೆ ಎನ್ನುವುದು ವರ್ಗ, ಜಾತಿ ಶ್ರೇಣೀಕರಣವನ್ನು ಮೀರಿದ ಒಂದು ಸಂವೇದನೆಯೆಂದೇ ನಾವು ಗ್ರಹಿಸಬೇಕಾಗುತ್ತದೆ. ಇಂಥ ಸಂವೇದನೆ ಎಲ್ಲ ಕಾಲಕ್ಕೂ ಆಯಾ ಭಾಷಿಕ ಜನರ ಬದುಕಿನಲ್ಲಿ ಜಾಗೃತವಾಗಿರುತ್ತದೆಯೇ? ಈ ಪ್ರಶ್ನೆಗೆ ಉತ್ತರ ಬಹುಶಃ ನಕಾರಾತ್ಮಕವಾಗಿಯೇ ಇರುತ್ತದೆ. ಏಕೆಂದರೆ ಚರಿತ್ರೆಯ ಗತಿತರ್ಕವು ಮನುಷ್ಯನ ಬದುಕನ್ನು, ಭಾಷೆಯ ಚಹರೆಯನ್ನೇ ಪ್ರಧಾನವೆಂದು ಎಲ್ಲ ವೇಳೆಯಲ್ಲೂ ಭಾವಿಸುವುದಿಲ್ಲ. -ಬಸವರಾಜ ಕಲ್ಗುಡಿ | ||
| 650 | _2Kannada rashtriyate: samajika, samskratika berugala rajakiyartika adhyayana | ||
| 650 |
_aಕನ್ನಡ ರಾಷ್ಟ್ರೀಯತೆ: ಸಾಮಾಜಿಕ, ಸಾಂಸ್ಕೃತಿಕ ಬೇರುಗಳ ರಾಜಕೀಯ ಅಧ್ಯಯನ _9244953 |
||
| 690 |
_aKannada Prose _9244952 |
||
| 906 | _a071275 | ||
| 942 |
_2ddc _cBK |
||
| 999 |
_c120620 _d120620 |
||